000 00919nam a2200241 i 4500
001 52385
003 ES-MaACL
005 20250826151340.0
007 t|
008 030828s1962 sp ||||1| spa d
100 1 _aDaufí, Lluís.
_942811
245 1 0 _aConstantes biológicas de interés clínico /
_cpor Luis Daufi ; prólogo por A. Fernández-Cruz.
250 _a2ª ed. corr. y amp.
260 _aBarcelona :
_bVigor-Cedel,
_c1962.
300 _a144 p. :
_bil. ;
_c21 cm.
490 1 _aMonografías de la Cátedra de Patología General de Barcelona ;
_v2
650 7 _aValores de referencia (Medicina)
_2embne
_9168284
650 7 _aPruebas funcionales (Medicina)
_2embne
_9168285
700 1 _aFernández-Cruz, A.,
_d1910-1981
_949607
830 0 _aMonografías de la Cátedra de Patología General de Barcelona ;
_v2
_9182389
852 _aES-MaACL
_jC-21565
_bR.49807
999 _c52385
_d52385